000 00659nam a2200241 a 4500
001 nice12345678
003 IN_TiNIC
005 20260116011343.0
008 050524s1962 laha grp 000 0 eng
020 _a
_c100
082 0 0 _a297.1977
_bIQB
100 _aIqbal, Afzal
245 _aDiplomacy in Islam
_b an Essay on the Art of Negotiations as Conceived and De
260 _aLahore
_bInstitute of Islamic Culture
_c1962
300 _a156p
500 _aincludes index and biblioraphy
505 2 _adeveloped by the prophet of islam.
650 _aIslam and Politics
700 1 _aIqbal, Afzal
902 _bSRS
942 _cBK
999 _c787
_d787